Can Social Protection Be an Engine for Inclusive Growth?

Uložené v:
Podrobná bibliografia
Korporativný autor: OECD. Development Centre
Médium: Kniha
Jazyk:English
Vydavateľské údaje: Paris OECD 2019
Edícia:Development Centre Studies
Predmet:
Tagy: Pridať tag
Žiadne tagy, Buďte prvý, kto otaguje tento záznam!

MARC

LEADER 00000nam a2200000 4500
001 0262061
005 20221220064300.6
020 |a 978-92-64-91432-2 
041 0 |a eng 
044 |a FR 
245 1 0 |a Can Social Protection Be an Engine for Inclusive Growth? 
264 1 |a Paris  |b OECD  |c 2019 
300 |a 98 s. 
490 1 |a Development Centre Studies 
830 0 |a Development Centre Studies 
610 2 0 |a krajiny rozvojové 
610 2 0 |a ochrana sociálna 
610 2 0 |a pomoc sociálna 
610 2 0 |a poistenie sociálne 
610 2 0 |a porovnanie štatistické medzinárodné 
610 2 0 |a Brazília 
610 2 0 |a Nemecko 
610 2 0 |a Ghana 
610 2 0 |a Indonézia 
710 2 |a OECD. Development Centre